Statistics for Hrvatski gradovi na slovo S

Click here to take the quiz!

General Stats

  • This quiz has been taken 33 times
  • The average score is 8 of 14

Answer Stats

Answer% Correct
Split
100%
Sisak
84%
Slavonski Brod
81%
Sinj
66%
Samobor
63%
Senj
56%
Slatina
53%
Solin
53%
Slunj
44%
Stari Grad
38%
Supetar
38%
Skradin
25%
Sveta Nedelja
25%
Sveti Ivan Zelina
25%

Score Distribution

Percentile by Number Answered

Percent of People with Each Score

Your Score History

You have not taken this quiz